| 000 | 00708nam a22002297a 4500 | ||
|---|---|---|---|
| 999 |
_c15302 _d15302 |
||
| 003 | AR-CdUCM | ||
| 008 | 190426b ||||| |||| 00| 0 spa d | ||
| 020 | _a968-879-015-X | ||
| 040 |
_aMUNICIPALIDAD PROVINCIAL DEL CUSCO _cBIBLIOTECA MUNICIPAL DEL CUSCO |
||
| 082 |
_aEP / 372 / _bM42 |
||
| 100 |
_aMendez, Concha _934346 |
||
| 245 | _aSirena de Navidad / | ||
| 260 |
_aMexico : _bEdiciones roca _bEdiciones El guadalhorce, _c1967. |
||
| 300 |
_bIlustraciones, graficos, dibujos _c28 cm. |
||
| 500 | _aCuentos de niƱos | ||
| 650 |
_aCuentos _9217 |
||
| 650 |
_aHistoria _9136 |
||
| 650 |
_aLiteratura _983 |
||
| 700 |
_aSiewert, Catherine _934347 |
||
| 942 |
_2ddc _cLIBROS |
||
| 945 |
_apjha _d2019-04-26 |
||